| 000 | 01016nac a22003131u 4500 | ||
|---|---|---|---|
| 999 |
_c350 _d350 |
||
| 003 | EG-ScBUE | ||
| 005 | 20191211132443.0 | ||
| 008 | 191211r20051991le f 000 d eng d | ||
| 020 | _a9953101728 | ||
| 020 | _a9789953101729 | ||
| 040 |
_aEG-ScBUE _beng _erda _cEG-ScBUE _dEG-ScBUE |
||
| 043 | _ae-it--- | ||
| 082 | 0 | 4 |
_a822.33 _bSHA _222 |
| 100 | 1 |
_aShakespeare, William, _d1564-1616, _eauthor. |
|
| 245 | 1 |
_aJulius Caesar / _cWilliam Shakespeare. |
|
| 250 | _aReprint edition. | ||
| 264 | 1 |
_aBeirut : _bYork Press, _c2005. |
|
| 300 |
_axxiv, 187 pages ; _c20 cm. |
||
| 336 |
_2rdacontent _atext _btxt |
||
| 337 |
_2rdamedia _aunmediated _bn |
||
| 338 |
_2rdacarrier _avolume _bnc |
||
| 490 | 0 | _aYork classics | |
| 600 | 0 | 7 |
_aCaesar, Julius _xAssassination _vDrama. _2BUEsh |
| 600 | 0 | 7 |
_aBrutus, Marcus Junius, _d85 B.C.?-42 B.C. _vDrama. _2BUEsh |
| 651 | 7 |
_aRome _xHistory _yCivil War, 43-31 B.C. _vDrama. _2BUEsh |
|
| 653 |
_bHHUUEENN _cDecember2019 |
||
| 655 | _vReading book | ||
| 942 |
_cBB _k823S5272 _2ddc |
||